00486nam a2200181 a 450000100060000000300080000600500170001400800410003103500190007204000270009104100080011808200220012610000240014824500560017226000360022830000200026465000200028463062BD-RjUL20211209081145.0170128s1989 bg f000 1 eng  a(BD-RjUL)63190 aDLCcDLCdBD-RjULbeng1 aeng 223a823bSOO 19890 aĀhamada Chaphā.14aThe Om /cAhmed Sofa ; translated by Roushan Jahan. aDhaka :bBangla Academy,c1989. a35 p. ;c22 cm. aEnglish fiction